Skyfall /

When Bond's latest assignment goes gravely wrong and agents around the world are exposed, MI6 is attacked forcing M to relocate the agency. These events cause her authority and position to be challenged by Mallory, the new Chairman of the Intelligence and Security Committee. With MI6 now compro...

Full description

Bibliographic Details
Uniform Title:Skyfall (Motion picture)
Corporate Authors: MGM Home Entertainment Inc, Eon Productions (Firm)
Other Authors: Craig, Daniel, 1968- (Actor), Bardem, Javier, 1969- (Actor), Fiennes, Ralph (Actor), Harris, Naomie, 1976- (Actor), Dench, Judi, 1934- (Actor), Finney, Albert, 1936-2019 (Actor), Purvis, Neal (Screenwriter), Wade, Robert, 1961- (Screenwriter), Logan, John, 1961- (Screenwriter), Wilson, Michael G., 1942- (Producer), Broccoli, Barbara, 1960- (Producer), Mendes, Sam (Director)
Format: Video Blu-ray Disc DVD
Language:English
Spanish
French
Language Notes:Blu-ray: English, Spanish, French, Italian, Russian or Ukranian dialogue; Spanish, Italian, Danish, Estonian, Finnish, Icelandic, Latvian, Lithuanian, Mandarin, Norwegian, Russian or Swedish subtitles; English subtitles for the deaf and hard of hearing. Optionally described in English for the visually impaired.
DVD: Closed-captioned. In English with optional subtitles in Spanish or French. English subtitles for the deaf and hard of hearing.
Published: [United States] : MGM Home Entertainment, [2013]
Subjects:

MARC

Tag First Indicator Second Indicator Subfields
LEADER 00000cgm a2200000Ia 4500
001 in00002815708
005 20191019064143.0
007 vd csaizq
007 vd cvaizq
008 130128s2013 xxu143 vleng d
024 1 0 |a 883904285410  |d 80 
035 |a (OCoLC)827018215 
035 |a (OCoLC)ocn827018215 
040 |a AMP  |c AMP  |d ZPP  |d GK8  |d IH7  |d TXA  |d UtOrBLW 
041 0 |a eng  |a spa  |a fre  |j spa 
044 |a xxu  |a xxk 
049 |a TXAM 
090 |a PN1995.9.J3  |b S59 2013 
130 0 |a Skyfall (Motion picture) 
245 1 0 |a Skyfall /  |c Albert R. Broccoli's Eon Productions presents ; written by Neal Purvis & Robert Wade and John Logan ; produced by Michael G. Wilson and Barbara Broccoli ; directed by Sam Mendes. 
257 |a United States  |a Great Britain.  |2 naf 
264 1 |a [United States] :  |b MGM Home Entertainment,  |c [2013] 
300 |a 2 videodiscs (143 min.) :  |b sound, color ;  |c 4 3/4 in. 
336 |a two-dimensional moving image  |b tdi  |2 rdacontent 
337 |a video  |b v  |2 rdamedia 
338 |a videodisc  |b vd  |2 rdacarrier 
538 |a Blu-ray Disc; widescreen (2.40:1) presentation; DTS-HD Master Audio 5.1 (English), Dolby digital 5.1 (Spanish, French), described video; requires Blu-ray player. 
538 |a Blu-ray disc for use only with Blu-ray disc players, Blu-ray disc computer drives and Playstation 3 game consoles. 
538 |a DVD; region 1; NTSC. 
546 |a Blu-ray: English, Spanish, French, Italian, Russian or Ukranian dialogue; Spanish, Italian, Danish, Estonian, Finnish, Icelandic, Latvian, Lithuanian, Mandarin, Norwegian, Russian or Swedish subtitles; English subtitles for the deaf and hard of hearing. Optionally described in English for the visually impaired. 
546 |a DVD: Closed-captioned. In English with optional subtitles in Spanish or French. English subtitles for the deaf and hard of hearing. 
511 1 |a Daniel Craig, Javier Bardem, Ralph Fiennes, Naomie Harris, Judi Dench, Albert Finney. 
500 |a Originally released as a motion picture in 2012. 
521 8 |a MPAA rating: PG-13 for intense violent sequences throughout, some sexuality, language and smoking.  |a CHV rating: 14A. 
520 |a When Bond's latest assignment goes gravely wrong and agents around the world are exposed, MI6 is attacked forcing M to relocate the agency. These events cause her authority and position to be challenged by Mallory, the new Chairman of the Intelligence and Security Committee. With MI6 now compromised from both inside and out, M is left with one ally she can trust - Bond. 007 aided only by field agent Eve, follows a trail that leads to Silva, whose motives have yet to reveal themselves. 
500 |a Special features: Over a dozen all-new revealing featurettes about the Bond women, car, villians and more; commentaries; Skyfall premier. 
500 |a Videorecording. 
600 0 |a Bond, James  |c (Fictitious character)  |v Drama. 
650 0 |a Spies  |v Drama. 
655 7 |a Action and adventure films.  |2 lcgft 
655 7 |a Feature films.  |2 lcgft 
655 7 |a Fiction films.  |2 lcgft 
655 7 |a Video recordings for the hearing impaired.  |2 lcgft 
655 7 |a Video recordings for people with visual disabilities.  |2 lcgft 
700 1 |a Craig, Daniel,  |d 1968-  |e actor. 
700 1 |a Bardem, Javier,  |d 1969-  |e actor. 
700 1 |a Fiennes, Ralph,  |e actor. 
700 1 |a Harris, Naomie,  |d 1976-  |e actor. 
700 1 |a Dench, Judi,  |d 1934-  |e actor. 
700 1 |a Finney, Albert,  |d 1936-2019  |e actor. 
700 1 |a Purvis, Neal,  |e screenwriter. 
700 1 |a Wade, Robert,  |d 1961-  |e screenwriter. 
700 1 |a Logan, John,  |d 1961-  |e screenwriter. 
700 1 |a Wilson, Michael G.,  |d 1942-  |e producer. 
700 1 |a Broccoli, Barbara,  |d 1960-  |e producer. 
700 1 |a Mendes, Sam,  |e director. 
710 2 |a MGM Home Entertainment Inc. 
710 2 |a Eon Productions (Firm) 
948 |a cataloged  |b h  |c 2013/2/20  |d c  |e blrosas  |f 11:43:50 am 
949 |a updated-AC Qatar  |b h  |c 2013/8/15  |e agreen 
994 |a C0  |b TXA 
999 |a MARS 
999 f f |s 07d2efae-c95f-3ef4-aa37-9a0448101d27  |i 62e23ba8-8d74-3129-9a9d-dd17df916c1c  |t 0 
952 f f |p bluray  |a Texas A&M University  |b College Station  |c Sterling C. Evans Library  |s Evans Media and Reserves  |d Evans: Media and Reserves (Annex 1st floor)  |t 0  |e PN1995.9.J3 S59 2013  |h Library of Congress classification  |i video -- videodisc  |k Blu-ray  |m A14841756167 
952 f f |p bluray  |a Texas A&M University  |b College Station  |c Sterling C. Evans Library  |s Evans Media and Reserves  |d Evans: Media and Reserves (Annex 1st floor)  |t 0  |e PN1995.9.J3 S59 2013  |h Library of Congress classification  |i video -- videodisc  |m A14841756159 
952 f f |p dvd  |a Texas A&M University  |b College Station  |c Sterling C. Evans Library  |s Evans Media and Reserves  |d Evans: Media and Reserves (Annex 1st floor)  |t 0  |e PN1995.9.J3 S59 2013  |h Library of Congress classification  |i video -- videodisc  |k DVD  |m A14852094938 
998 f f |a PN1995.9.J3 S59 2013  |t 0  |l Evans: Media and Reserves (Annex 1st floor) 
998 f f |a PN1995.9.J3 S59 2013  |s DVD  |t 0  |l Evans: Media and Reserves (Annex 1st floor)